Environmental and natural resource economics : (Record no. 20752)
[ view plain ]
| 000 -LEADER | |
|---|---|
| fixed length control field | 00634cam a22002058i 4500 |
| 020 ## - INTERNATIONAL STANDARD BOOK NUMBER | |
| ISBN | 9781138659476 (hardback) |
| 040 ## - CATALOGING SOURCE | |
| Transcribing agency | DLC |
| 082 00 - DEWEY DECIMAL CLASSIFICATION NUMBER | |
| Classification number | 333 JON 2018 A118 Or. |
| 100 1# - MAIN ENTRY--AUTHOR NAME | |
| Personal name | Harris, Jonathan M., |
| 245 10 - TITLE STATEMENT | |
| Title | Environmental and natural resource economics : |
| Remainder of title | a contemporary approach / |
| 250 ## - EDITION STATEMENT | |
| Edition statement | 4th Edition. |
| 300 ## - PHYSICAL DESCRIPTION | |
| Number of Pages | pages cm |
| 500 ## - GENERAL NOTE | |
| General note | Revised edition of the authors' Environmental and natural resource economics, c2013. |
| 500 ## - GENERAL NOTE | |
| General note | Includes index. |
| 650 #0 - SUBJECT ADDED ENTRY--TOPICAL TERM | |
| Topical Term | Environmental economics. |
| 650 #0 - SUBJECT ADDED ENTRY--TOPICAL TERM | |
| Topical Term | Natural resources. |
| 650 #0 - SUBJECT ADDED ENTRY--TOPICAL TERM | |
| Topical Term | Environmental policy. |
| 700 1# - ADDED ENTRY--PERSONAL NAME | |
| Personal name | Roach, Brian, |
| 942 ## - ADDED ENTRY ELEMENTS (KOHA) | |
| Koha item type | ADB |
| 952 ## - LOCATION AND ITEM INFORMATION (KOHA) | |
| Withdrawn status [LOCAL, KOHA] | 0 |
| Permanent Location | Date acquired | Koha item type | Lost status | Shelving location | Barcode | Current Location | Full call number |
|---|---|---|---|---|---|---|---|
| Library Block A | 2022-11-24 | ADB | A118 | a070030 | Library Block A | 333 JON 2018 A118 Or. |